Представление документа в формате RUSMARC

ПолеНазваниеЗначение
  Тип записи a
  Библиографический уровень m
001 Контрольный номер RU/REG73/CBS_GRAD/654541100
005 Дата корректировки 20221122154850.2
010 Индекс ISBN __
a ISBN 978-5-9907641-9-4
101 Язык документа __
a Язык текста rus
200 Заглавие и сведения об ответственности __
a Заглавие Белый Бим Черное ухо
e Сведения, относящиеся к заглавию повесть
f Первые сведения об ответственности Гавриил Троепольский; художник П.Гавин
b Общее обозначение материала Текст
203 Вид содержания и тип средства __
a Вид содержания Текст (визуальный) : непосредственный
210 Выходные данные __
a Место издания Москва
c Издательство Искателькнига
d Дата издания 2018
215 Физическое описание __
a Объем 176 с.
225 Серия __
a Серия Школьная библиотека
610 Ключевые слова __
a Ключевые слова для среднего школьного возраста
686 Индексы других классификаций __
a Классификационный индекс 84(2 Рос=Рус)
700 Автор __
a Фамилия Троепольский
g Полное личное имя Гавриил Николаевич
801 Источник записи _0
a Страна RU
b Организация RuCBSGrad
g Правила каталогизации PSBO
801 Источник записи _1
a Страна RU
b Организация RuCBSGrad
g Правила каталогизации PSBO
901 Тип документа __
t Тип документа m
981 __
b i
g e
2 isbdcontent
982 __
b n
2 isbdmedia
993 __
a 19553
b 8134
c 42
e 280942
f ЦГДБ
h 165.20
i 280942
m 1
n 44101.5786
o I
x 1
y 1
z 84(2 Рос=Рус)
993 __
a 19554
b 8134
c 42
e 280943
f ЦГДБ
h 165.20
i 280943
m 1
n 44101.5786
o I
x 1
y 1
z 84(2 Рос=Рус)